[Event "1. Bundesliga 2013/2014"]
[Site "Jenbach, Wolfsberg, St. Veit/Glan"]
[Date "2014.03.22"]
[Round "10"]
[Board "4"]
[White "Schreiner, Peter"]
[Black "Atlas, Valery"]
[Result "1/2-1/2"]
[WhiteElo "2455"]
[BlackElo "2444"]
[PlyCount "60"]
[EventDate "2013.12.06"]
[EventType "team"]
[EventRounds "11"]
[EventCountry "AUT"]
[WhiteTeam "SV Raika Rapid Feffernitz"]
[BlackTeam "SK Hohenems"]

1. Nf3 Nf6 2. c4 b6 3. g3 Bb7 4. Bg2 e6 5. O-O Be7 6. d4 O-O 7. Re1 Na6 8. Nc3
Ne4 9. Bd2 Bf6 10. Rc1 d6 11. a3 c5 12. d5 Nxd2 13. Qxd2 e5 14. Ne4 Be7 15. b4
Rb8 16. Rb1 h6 17. bxc5 bxc5 18. Nc3 Nc7 19. Nxe5 dxe5 20. d6 Ne8 21. Bxb7 Nxd6
22. Bd5 Nxc4 23. Rxb8 Nxd2 24. Rxd8 Bxd8 25. Rd1 Ba5 26. Rxd2 Bxc3 27. Rc2 Ba5
28. Rxc5 Bb6 29. Rc6 Rd8 30. e4 Kf8 1/2-1/2

[Event "1. Bundesliga 2013/2014"]
[Site "Jenbach, Wolfsberg, St. Veit/Glan"]
[Date "2014.03.22"]
[Round "10"]
[Board "5"]
[White "Froewis, Georg"]
[Black "Petschar, Kurt"]
[Result "1/2-1/2"]
[WhiteElo "2430"]
[BlackElo "2303"]
[PlyCount "69"]
[EventDate "2013.12.06"]
[EventType "team"]
[EventRounds "11"]
[EventCountry "AUT"]
[WhiteTeam "SK Hohenems"]
[BlackTeam "SV Raika Rapid Feffernitz"]

1. Nf3 d5 2. c4 c6 3. e3 Nf6 4. Nc3 e6 5. b3 Nbd7 6. Qc2 Bd6 7. Bb2 O-O 8. Be2
a6 9. d4 Qe7 10. O-O dxc4 11. Bxc4 e5 12. Ne4 Nxe4 13. dxe5 Nxe5 14. Qxe4 Nxc4
15. Qxc4 Bf5 16. Rfe1 Qe4 17. Nd4 Bg6 18. f3 Qh4 19. f4 Rfe8 20. Nf3 Qe7 21.
Be5 Rad8 22. Rad1 Bb4 23. Rxd8 Rxd8 24. Bc3 Bxc3 25. Qxc3 Be4 26. Ng5 h6 27.
Nh3 Qd6 28. Nf2 Qg6 29. Nxe4 Qxe4 30. Qc4 Qxc4 31. bxc4 Rd2 32. Rb1 b5 33. cxb5
cxb5 34. a4 bxa4 35. Ra1 1/2-1/2

[Event "1. Bundesliga 2013/2014"]
[Site "Jenbach, Wolfsberg, St. Veit/Glan"]
[Date "2014.03.22"]
[Round "10"]
[Board "6"]
[White "Arztmann, Wolfgang"]
[Black "Kessler, Luca"]
[Result "1/2-1/2"]
[WhiteElo "2172"]
[BlackElo "2247"]
[PlyCount "63"]
[EventDate "2013.12.06"]
[EventType "team"]
[EventRounds "11"]
[EventCountry "AUT"]
[WhiteTeam "SV Raika Rapid Feffernitz"]
[BlackTeam "SK Hohenems"]

1. e4 e5 2. Nf3 Nc6 3. Nc3 Nf6 4. d4 exd4 5. Nxd4 Bb4 6. Nxc6 bxc6 7. Bd3 O-O
8. O-O d5 9. exd5 cxd5 10. Bg5 c6 11. Qf3 Be7 12. h3 Be6 13. Ne2 h6 14. Bf4 c5
15. Ng3 Bd6 16. Rfe1 Bxf4 17. Qxf4 Qb8 18. Qxb8 Rfxb8 19. b3 Rb6 20. Rac1 a5
21. c4 d4 22. Ne4 Nxe4 23. Bxe4 Rd8 24. Rcd1 a4 25. Bc2 Ra8 26. Re5 Rc8 27.
Rde1 axb3 28. axb3 Ra6 29. Bf5 Bxf5 30. Rxf5 Rc7 31. Re8+ Kh7 32. Ree5 1/2-1/2

[Event "1. Bundesliga 2013/2014"]
[Site "Jenbach, Wolfsberg, St. Veit/Glan"]
[Date "2014.03.22"]
[Round "10"]
[Board "1"]
[White "Prohaszka, Peter"]
[Black "Melkumyan, Hrant"]
[Result "1/2-1/2"]
[WhiteElo "2577"]
[BlackElo "2613"]
[PlyCount "62"]
[EventDate "2013.12.06"]
[EventType "team"]
[EventRounds "11"]
[EventCountry "AUT"]
[WhiteTeam "SV Jacques Lemans St. Veit"]
[BlackTeam "ASVOE Wulkaprodersdorf"]

1. d4 Nf6 2. c4 e6 3. Nc3 Bb4 4. e3 O-O 5. Nge2 d5 6. a3 Bd6 7. Ng3 c6 8. e4
Nxe4 9. Ngxe4 dxe4 10. Nxe4 e5 11. Nxd6 Qxd6 12. Be3 exd4 13. Qxd4 Qxd4 14.
Bxd4 Re8+ 15. Be2 Bf5 16. Be3 Nd7 17. O-O Ne5 18. Rfd1 Ng4 19. Bxg4 Bxg4 20.
Rd4 Be6 21. h3 Rad8 22. Rad1 Rxd4 23. Rxd4 f6 24. b3 a6 25. Kh2 Kf7 26. g4 b5
27. cxb5 axb5 28. Rd6 Bd5 29. Rd7+ Re7 30. Rxe7+ Kxe7 31. b4 Kf7 1/2-1/2

[Event "1. Bundesliga 2013/2014"]
[Site "Jenbach, Wolfsberg, St. Veit/Glan"]
[Date "2014.03.22"]
[Round "10"]
[Board "2"]
[White "Antoniewski, Rafal"]
[Black "Kuljasevic, Davorin"]
[Result "1/2-1/2"]
[WhiteElo "2553"]
[BlackElo "2567"]
[PlyCount "60"]
[EventDate "2013.12.06"]
[EventType "team"]
[EventRounds "11"]
[EventCountry "AUT"]
[WhiteTeam "ASVOE Wulkaprodersdorf"]
[BlackTeam "SV Jacques Lemans St. Veit"]

1. e4 e5 2. Nf3 Nc6 3. Bb5 a6 4. Ba4 Nf6 5. O-O Be7 6. Bxc6 dxc6 7. d3 Nd7 8.
Nbd2 f6 9. Nc4 Nc5 10. Nh4 g6 11. b4 Ne6 12. Rb1 O-O 13. Be3 b6 14. Nf3 a5 15.
a3 Ba6 16. Nfd2 axb4 17. axb4 Qd7 18. Qg4 Rad8 19. f4 Nxf4 20. Qxd7 Rxd7 21.
Bxf4 exf4 22. Rxf4 Bb5 23. Rf3 c5 24. bxc5 Bxc5+ 25. Kh1 Bxc4 26. Nxc4 f5 27.
exf5 Rxf5 28. Rxf5 gxf5 29. Re1 Kg7 30. g3 Kf6 1/2-1/2

[Event "1. Bundesliga 2013/2014"]
[Site "Jenbach, Wolfsberg, St. Veit/Glan"]
[Date "2014.03.22"]
[Round "10"]
[Board "3"]
[White "Bosiocic, Marin"]
[Black "Maksimenko, Andrei"]
[Result "1-0"]
[WhiteElo "2554"]
[BlackElo "2535"]
[PlyCount "75"]
[EventDate "2013.12.06"]
[EventType "team"]
[EventRounds "11"]
[EventCountry "AUT"]
[WhiteTeam "SV Jacques Lemans St. Veit"]
[BlackTeam "ASVOE Wulkaprodersdorf"]

1. e4 c5 2. Nf3 d6 3. d4 cxd4 4. Nxd4 Nf6 5. Nc3 Nc6 6. Bg5 g6 7. Bxf6 exf6 8.
Bb5 Bd7 9. Nde2 a6 10. Ba4 b5 11. Bb3 Na5 12. O-O Rc8 13. Qd2 Nc4 14. Bxc4 Rxc4
15. Rad1 Be7 16. b3 Rc6 17. Nd5 O-O 18. Nef4 Re8 19. Nb4 Rc8 20. Nxa6 Bf8 21.
Rfe1 f5 22. exf5 Rxe1+ 23. Rxe1 Bxf5 24. Nb4 Bh6 25. c3 Rc5 26. g3 Qa8 27. Nbd5
Kh8 28. b4 Bxf4 29. Qd4+ Be5 30. Rxe5 dxe5 31. Qxe5+ Kg8 32. Ne7+ Kf8 33. Nxg6+
hxg6 34. Qh8+ Ke7 35. Qxa8 Rxc3 36. Qd5 Rc1+ 37. Kg2 Bd7 38. Qg5+ 1-0

[Event "1. Bundesliga 2013/2014"]
[Site "Jenbach, Wolfsberg, St. Veit/Glan"]
[Date "2014.03.22"]
[Round "10"]
[Board "5"]
[White "Hebesberger, Thomas"]
[Black "Antal, Gergely"]
[Result "0-1"]
[WhiteElo "2356"]
[BlackElo "2516"]
[PlyCount "84"]
[EventDate "2013.12.06"]
[EventType "team"]
[EventRounds "11"]
[EventCountry "AUT"]
[WhiteTeam "SV Jacques Lemans St. Veit"]
[BlackTeam "ASVOE Wulkaprodersdorf"]

1. c4 Nf6 2. g3 c6 3. Nf3 g6 4. Bg2 Bg7 5. O-O d5 6. cxd5 cxd5 7. d4 Ne4 8. Nc3
Nxc3 9. bxc3 O-O 10. Ne5 b6 11. c4 Bb7 12. Qa4 Bxe5 13. dxe5 Bc6 14. Qb3 dxc4
15. Qxc4 Bxg2 16. Kxg2 Qc8 17. Qe4 Qc6 18. Qxc6 Nxc6 19. Bf4 Rfc8 20. Rfd1 Kf8
21. Rac1 Ke8 22. h4 Nb4 23. a4 Na2 24. Ra1 Nc3 25. Rd2 Rc5 26. h5 g5 27. Be3
Rxe5 28. Rc2 Nd5 29. Bd4 Re4 30. e3 e5 31. Kf3 f5 32. Bb2 g4+ 33. Ke2 Rd8 34.
a5 f4 35. axb6 axb6 36. Ra7 fxg3 37. Kf1 gxf2 38. Kxf2 Nxe3 39. Rcc7 Nf5 40.
Bc3 g3+ 41. Kf3 Rf4+ 42. Ke2 g2 0-1

[Event "1. Bundesliga 2013/2014"]
[Site "Jenbach, Wolfsberg, St. Veit/Glan"]
[Date "2014.03.22"]
[Round "10"]
[Board "6"]
[White "Thiede, Lars"]
[Black "Koop, Thorben"]
[Result "0-1"]
[WhiteElo "2448"]
[BlackElo "2219"]
[PlyCount "62"]
[EventDate "2013.12.06"]
[EventType "team"]
[EventRounds "11"]
[EventCountry "AUT"]
[WhiteTeam "ASVOE Wulkaprodersdorf"]
[BlackTeam "SV Jacques Lemans St. Veit"]

1. c4 e5 2. g3 Nf6 3. Bg2 c6 4. Nf3 e4 5. Nd4 d5 6. cxd5 Qxd5 7. e3 Na6 8. Nc3
Qe5 9. d3 Bg4 10. f3 exf3 11. Nxf3 Qe6 12. O-O Bb4 13. Qa4 O-O 14. Nd4 Qd6 15.
Nxc6 Bd7 16. Nb5 Bxc6 17. a3 Qxd3 18. Bxc6 bxc6 19. axb4 cxb5 20. Qxa6 Rac8 21.
Qb7 Rc2 22. Qf3 Rfc8 23. Ra3 Qe4 24. Qxe4 Nxe4 25. Ra1 h6 26. b3 Re2 27. Rf4
Ng5 28. Kf1 Rxh2 29. Ke1 Rcc2 30. e4 Nxe4 31. Be3 Rce2+ 0-1

[Event "1. Bundesliga 2013/2014"]
[Site "Jenbach, Wolfsberg, St. Veit/Glan"]
[Date "2014.03.22"]
[Round "10"]
[Board "2"]
[White "Bauer, Christian"]
[Black "Stevic, Hrvoje"]
[Result "1-0"]
[WhiteElo "2627"]
[BlackElo "2620"]
[PlyCount "88"]
[EventDate "2013.12.06"]
[EventType "team"]
[EventRounds "11"]
[EventCountry "AUT"]
[WhiteTeam "Schachklub Sparkasse Jenbach"]
[BlackTeam "SV Wolfsberg"]

1. e4 c5 2. Nf3 e6 3. d4 cxd4 4. Nxd4 Nf6 5. Nc3 d6 6. Be3 Nc6 7. f3 Be7 8. Qd2
O-O 9. g4 a6 10. O-O-O Nxd4 11. Qxd4 b5 12. g5 Nd7 13. Kb1 Qa5 14. a3 Ne5 15.
f4 Nc6 16. Qb6 Qxb6 17. Bxb6 Bd8 18. Bxd8 Rxd8 19. h4 Bb7 20. Rh2 Kf8 21. Rhd2
Ke7 22. b3 Rac8 23. Kb2 Rc7 24. Bh3 Na7 25. f5 Nc6 26. Ne2 Bc8 27. Nf4 Ne5 28.
Nh5 g6 29. f6+ Kf8 30. Rxd6 Rxd6 31. Rxd6 Rd7 32. Rxd7 Bxd7 33. Nf4 Nf3 34. Bg2
Nxh4 35. Bh1 h6 36. gxh6 Kg8 37. Nh3 Kh7 38. Ng5+ Kxh6 39. Nxf7+ Kh7 40. e5 Nf5
41. Kc3 a5 42. Be4 Ng3 43. Bd3 Nh5 44. Kd4 Nf4 1-0

[Event "1. Bundesliga 2013/2014"]
[Site "Jenbach, Wolfsberg, St. Veit/Glan"]
[Date "2014.03.22"]
[Round "10"]
[Board "3"]
[White "Jovanovic, Zoran"]
[Black "Schlosser, Philipp"]
[Result "1/2-1/2"]
[WhiteElo "2548"]
[BlackElo "2612"]
[PlyCount "65"]
[EventDate "2013.12.06"]
[EventType "team"]
[EventRounds "11"]
[EventCountry "AUT"]
[WhiteTeam "SV Wolfsberg"]
[BlackTeam "Schachklub Sparkasse Jenbach"]

1. e4 c5 2. Nf3 e6 3. g3 d5 4. exd5 exd5 5. Bg2 Nf6 6. d4 Be7 7. O-O O-O 8. Nc3
Nc6 9. Be3 Bg4 10. h3 cxd4 11. Bxd4 Be6 12. Re1 Rc8 13. a3 Re8 14. Be3 Qd7 15.
Kh2 h6 16. Nd4 Bd6 17. Nxc6 bxc6 18. Bd4 Nh7 19. b4 Bf5 20. Qd2 Ng5 21. h4 Ne6
22. Be5 d4 23. Na4 c5 24. Bxd6 Qxd6 25. bxc5 Nxc5 26. Rxe8+ Rxe8 27. Qb4 Ne4
28. Qxd6 Nxd6 29. Rd1 Bxc2 30. Rxd4 Nb5 31. Rc4 Nxa3 32. Rc3 Bxa4 33. Rxa3
 1/2-1/2

[Event "1. Bundesliga 2013/2014"]
[Site "Jenbach, Wolfsberg, St. Veit/Glan"]
[Date "2014.03.22"]
[Round "10"]
[Board "4"]
[White "Boensch, Uwe"]
[Black "Steflitsch, Erich"]
[Result "1-0"]
[WhiteElo "2544"]
[BlackElo "2355"]
[PlyCount "111"]
[EventDate "2013.12.06"]
[EventType "team"]
[EventRounds "11"]
[EventCountry "AUT"]
[WhiteTeam "Schachklub Sparkasse Jenbach"]
[BlackTeam "SV Wolfsberg"]

1. d4 Nf6 2. c4 e6 3. Nc3 d5 4. cxd5 exd5 5. Bg5 Be7 6. e3 O-O 7. Bd3 Nbd7 8.
Nf3 Re8 9. O-O Nf8 10. Qc2 c6 11. Rab1 Be6 12. b4 Rc8 13. Na4 N6d7 14. Bf4 b5
15. Nc5 Nxc5 16. dxc5 Ng6 17. Bg3 Bf6 18. a4 a6 19. h3 Qd7 20. Rbd1 Qb7 21.
Rfe1 Rcd8 22. axb5 axb5 23. e4 dxe4 24. Bxe4 Rxd1 25. Qxd1 Qd7 26. Bd6 Ra8 27.
Nd4 Bxd4 28. Qxd4 Ne7 29. Re3 Nf5 30. Bxf5 Bxf5 31. Re7 Qd8 32. Qh4 h6 33. Qg3
Be6 34. h4 Bd5 35. h5 Qc8 36. Be5 Qf8 37. Rc7 Kh7 38. Kh2 Re8 39. f3 Ra8 40.
Qg4 Kg8 41. Rb7 Kh8 42. f4 Qg8 43. f5 Re8 44. Qd4 Qh7 45. g4 Rf8 46. Bd6 Re8
47. Be7 Qg8 48. Qf4 Qh7 49. Kg3 Ra8 50. Qe3 Qg8 51. Bd6 Re8 52. Qd2 Ra8 53. Be5
Ra3+ 54. Kh4 Qd8+ 55. f6 Rh3+ 56. Kxh3 1-0

[Event "1. Bundesliga 2013/2014"]
[Site "Jenbach, Wolfsberg, St. Veit/Glan"]
[Date "2014.03.22"]
[Round "10"]
[Board "5"]
[White "Hresc, Vladimir"]
[Black "Bischoff, Klaus"]
[Result "1/2-1/2"]
[WhiteElo "2409"]
[BlackElo "2510"]
[PlyCount "60"]
[EventDate "2013.12.06"]
[EventType "team"]
[EventRounds "11"]
[EventCountry "AUT"]
[WhiteTeam "SV Wolfsberg"]
[BlackTeam "Schachklub Sparkasse Jenbach"]

1. e4 c5 2. c3 Nf6 3. Bd3 Nc6 4. Nf3 e6 5. Bc2 d5 6. e5 Nd7 7. d4 Be7 8. O-O a6
9. Re1 cxd4 10. cxd4 Nb6 11. Nc3 Bd7 12. b3 Rc8 13. Bb2 h6 14. Qd2 Kf8 15. Rad1
Kg8 16. Bb1 Qf8 17. Re3 Ba3 18. Nh4 Bxb2 19. Qxb2 Qe7 20. g3 Kf8 21. f4 g6 22.
Qf2 Ke8 23. Nf3 Kd8 24. h4 Kc7 25. Qb2 Kb8 26. a3 Rc7 27. Ne2 Rhc8 28. Rc3 Na7
29. Rdc1 Rxc3 30. Rxc3 Nb5 1/2-1/2

[Event "1. Bundesliga 2013/2014"]
[Site "Jenbach, Wolfsberg, St. Veit/Glan"]
[Date "2014.03.22"]
[Round "10"]
[Board "6"]
[White "Lehner, Oliver"]
[Black "Toefferl, Heimo"]
[Result "1/2-1/2"]
[WhiteElo "2451"]
[BlackElo "2114"]
[PlyCount "60"]
[EventDate "2013.12.06"]
[EventType "team"]
[EventRounds "11"]
[EventCountry "AUT"]
[WhiteTeam "Schachklub Sparkasse Jenbach"]
[BlackTeam "SV Wolfsberg"]

1. e4 e6 2. d4 d5 3. Nd2 Nc6 4. Ngf3 Nf6 5. e5 Nd7 6. Bd3 f6 7. O-O fxe5 8.
dxe5 Ndxe5 9. Nxe5 Nxe5 10. Qh5+ Nf7 11. c4 g6 12. Qe2 d4 13. Ne4 Bg7 14. b3
O-O 15. Ba3 Re8 16. Rad1 b6 17. c5 Bb7 18. Bb5 c6 19. Bd3 b5 20. f4 a5 21. Bb2
a4 22. b4 Ra7 23. a3 Bc8 24. g4 Rf8 25. Qg2 Re7 26. Rf3 Nh6 27. h3 e5 28. Bc1
exf4 29. Bxf4 Nf7 30. g5 Ne5 1/2-1/2

[Event "1. Bundesliga 2013/2014"]
[Site "Jenbach, Wolfsberg, St. Veit/Glan"]
[Date "2014.03.22"]
[Round "10"]
[Board "1"]
[White "Ragger, Markus"]
[Black "Shengelia, David"]
[Result "0-1"]
[WhiteElo "2644"]
[BlackElo "2547"]
[PlyCount "118"]
[EventDate "2013.12.06"]
[EventType "team"]
[EventRounds "11"]
[EventCountry "AUT"]
[WhiteTeam "Schachclub MPOE Maria Saal I"]
[BlackTeam "SK Advisory Invest Baden"]

1. d4 Nf6 2. c4 e6 3. Nf3 b6 4. g3 Bb7 5. Bg2 Bb4+ 6. Bd2 Bxd2+ 7. Qxd2 c6 8.
Qc2 d5 9. Nbd2 Nbd7 10. e4 Nxe4 11. Nxe4 dxe4 12. Qxe4 Qc7 13. O-O c5 14. Qe3
cxd4 15. Qxd4 O-O 16. Rfd1 Rad8 17. b3 Bxf3 18. Bxf3 Ne5 19. Qe3 Qc5 20. Kg2
Qxe3 21. fxe3 Rxd1 22. Rxd1 Rc8 23. Kf2 g5 24. Be2 Kf8 25. h4 h6 26. hxg5 hxg5
27. Rh1 Ke7 28. Rd1 a5 29. Rd4 Rh8 30. Kg2 Rd8 31. Kf2 Nc6 32. Rxd8 Kxd8 33. a3
Ke7 34. Kf3 f5 35. Bf1 Kd6 36. Ke2 a4 37. bxa4 Kc5 38. g4 fxg4 39. Kf2 Ne5 40.
Be2 Nxc4 41. Bxg4 e5 42. Kf3 Kd5 43. Bh5 e4+ 44. Ke2 Nxa3 45. Bf7+ Ke5 46. Bb3
Nb1 47. Kf2 Nd2 48. Bf7 Nf3 49. Be8 Nh4 50. Bd7 Nf5 51. Bc8 Ne7 52. Bd7 Nd5 53.
Bc6 Kd6 54. Be8 Nc3 55. Kf1 Kc5 56. Ke1 Kb4 57. Bc6 Kc4 58. Kd2 g4 59. Ke1 g3
 0-1

[Event "1. Bundesliga 2013/2014"]
[Site "Jenbach, Wolfsberg, St. Veit/Glan"]
[Date "2014.03.22"]
[Round "10"]
[Board "2"]
[White "Poetsch, Hagen"]
[Black "Rapport, Richard"]
[Result "0-1"]
[WhiteElo "2479"]
[BlackElo "2681"]
[PlyCount "68"]
[EventDate "2013.12.06"]
[EventType "team"]
[EventRounds "11"]
[EventCountry "AUT"]
[WhiteTeam "SK Advisory Invest Baden"]
[BlackTeam "Schachclub MPOE Maria Saal I"]

1. e4 d5 2. exd5 Qxd5 3. Nc3 Qa5 4. d4 Nf6 5. Nf3 c6 6. Bc4 Bf5 7. Bd2 e6 8.
Nd5 Qd8 9. Nxf6+ gxf6 10. c3 Nd7 11. Bf4 Nb6 12. Bb3 a5 13. a4 Nd5 14. Bg3 Bg4
15. O-O Qb6 16. c4 Nb4 17. Qe2 c5 18. Qe4 f5 19. Qe3 Bxf3 20. Qxf3 Nc6 21. dxc5
Bxc5 22. Rad1 Nd4 23. Qh5 Qxb3 24. Be5 O-O-O 25. Bxh8 Rxh8 26. Qxf7 Rd8 27.
Rxd4 Bxd4 28. Qxe6+ Kb8 29. Qxf5 Qxc4 30. b3 Qxb3 31. Qxa5 Bxf2+ 32. Rxf2 Rd1+
33. Rf1 Qe3+ 34. Kh1 Rxf1# 0-1

[Event "1. Bundesliga 2013/2014"]
[Site "Jenbach, Wolfsberg, St. Veit/Glan"]
[Date "2014.03.22"]
[Round "10"]
[Board "3"]
[White "Predojevic, Borki"]
[Black "Tuncer, Ufuk"]
[Result "1/2-1/2"]
[WhiteElo "2607"]
[BlackElo "2345"]
[PlyCount "60"]
[EventDate "2013.12.06"]
[EventType "team"]
[EventRounds "11"]
[EventCountry "AUT"]
[WhiteTeam "Schachclub MPOE Maria Saal I"]
[BlackTeam "SK Advisory Invest Baden"]

1. e4 c5 2. Nf3 d6 3. d4 cxd4 4. Nxd4 Nf6 5. Nc3 a6 6. g3 g6 7. Bg2 Bg7 8. O-O
O-O 9. h3 Bd7 10. Be3 Nc6 11. Nd5 Re8 12. Re1 Rc8 13. Ne2 Nxd5 14. exd5 Ne5 15.
b3 Bxh3 16. Bxh3 Nf3+ 17. Kg2 Nxe1+ 18. Qxe1 Rxc2 19. Nd4 Rc5 20. Ne6 fxe6 21.
Bxe6+ Kh8 22. Rd1 Rf8 23. Qb4 Rc3 24. Qe4 Qa5 25. Rh1 Rxe3 26. Qxe3 Qxa2 27.
Rc1 Qb2 28. Rc8 Rxc8 29. Bxc8 Qc3 30. Qxc3 Bxc3 1/2-1/2

[Event "1. Bundesliga 2013/2014"]
[Site "Jenbach, Wolfsberg, St. Veit/Glan"]
[Date "2014.03.22"]
[Round "10"]
[Board "4"]
[White "Brandner, Stefan"]
[Black "Buhmann, Rainer"]
[Result "0-1"]
[WhiteElo "2273"]
[BlackElo "2580"]
[PlyCount "56"]
[EventDate "2013.12.06"]
[EventType "team"]
[EventRounds "11"]
[EventCountry "AUT"]
[WhiteTeam "SK Advisory Invest Baden"]
[BlackTeam "Schachclub MPOE Maria Saal I"]

1. e4 e6 2. d4 d5 3. Nd2 c5 4. exd5 Qxd5 5. Ngf3 cxd4 6. Bc4 Qd6 7. O-O Nf6 8.
Nb3 Nc6 9. Nbxd4 Nxd4 10. Nxd4 Be7 11. b3 O-O 12. Bb2 Qf4 13. Qf3 Qxf3 14. Nxf3
b6 15. Ne5 Bb7 16. Rfd1 Rfd8 17. a4 Ne4 18. Bb5 Bc5 19. Nd3 Bd6 20. f3 Nf6 21.
Bc4 Rac8 22. a5 bxa5 23. Rxa5 Bc7 24. Rg5 Ne8 25. Re1 g6 26. Kh1 Bb6 27. Ne5
Bd5 28. Ng4 Bxc4 0-1

[Event "1. Bundesliga 2013/2014"]
[Site "Jenbach, Wolfsberg, St. Veit/Glan"]
[Date "2014.03.22"]
[Round "10"]
[Board "5"]
[White "Schachinger, Mario"]
[Black "Herndlbauer, Martin"]
[Result "1-0"]
[WhiteElo "2398"]
[BlackElo "2119"]
[PlyCount "101"]
[EventDate "2013.12.06"]
[EventType "team"]
[EventRounds "11"]
[EventCountry "AUT"]
[WhiteTeam "Schachclub MPOE Maria Saal I"]
[BlackTeam "SK Advisory Invest Baden"]

1. d4 d5 2. c4 c6 3. Nf3 Nf6 4. Nc3 dxc4 5. a4 Bf5 6. Nh4 Bc8 7. e3 e6 8. Bxc4
Bb4 9. Nf3 O-O 10. O-O Qe7 11. Ne2 Nbd7 12. Ng3 Rd8 13. Qb3 c5 14. a5 cxd4 15.
exd4 h6 16. Ra4 Bd6 17. Re1 b6 18. Nf5 Qf8 19. Bxe6 Ne5 20. Bxc8 Nxf3+ 21. Qxf3
Raxc8 22. axb6 axb6 23. Nxh6+ gxh6 24. Qxf6 Rc6 25. Qxh6 Qxh6 26. Bxh6 Bxh2+
27. Kxh2 Rxh6+ 28. Kg1 b5 29. Rb4 Rhd6 30. Re5 Rxd4 31. Rxd4 Rxd4 32. Rxb5 Rd1+
33. Kh2 Rb1 34. Rb7 Kg7 35. b4 Rb3 36. b5 Kf6 37. f3 Kg6 38. b6 Kg7 39. Rb8 Kh7
40. f4 Kg7 41. g3 Kh7 42. g4 Kg7 43. f5 Kh7 44. g5 Rb5 45. b7 Kg7 46. f6+ Kh7
47. g6+ fxg6 48. f7 Rh5+ 49. Kg3 Rg5+ 50. Kh4 Rh5+ 51. Kg4 1-0

[Event "1. Bundesliga 2013/2014"]
[Site "Jenbach, Wolfsberg, St. Veit/Glan"]
[Date "2014.03.22"]
[Round "10"]
[Board "6"]
[White "Juenger, Heinz"]
[Black "Rieger, Robert"]
[Result "1/2-1/2"]
[WhiteElo "2114"]
[BlackElo "2173"]
[PlyCount "94"]
[EventDate "2013.12.06"]
[EventType "team"]
[EventRounds "11"]
[EventCountry "AUT"]
[WhiteTeam "SK Advisory Invest Baden"]
[BlackTeam "Schachclub MPOE Maria Saal I"]

1. d4 Nf6 2. c4 e6 3. g3 d5 4. Nf3 Be7 5. Bg2 O-O 6. O-O dxc4 7. Qc2 b5 8. a4
b4 9. Nfd2 c6 10. Nxc4 Bb7 11. Rd1 Nbd7 12. Nbd2 Rc8 13. Nb3 Ba8 14. Nc5 Nd5
15. a5 Bxc5 16. dxc5 b3 17. Qxb3 Rb8 18. Qa3 Qe7 19. Be3 Nxe3 20. Nxe3 Rb5 21.
b4 Nf6 22. Rd4 Nd5 23. Bxd5 cxd5 24. f4 f6 25. Rad1 Rfb8 26. Qc3 Qb7 27. c6
Qxc6 28. Qxc6 Bxc6 29. Rc1 Ba8 30. Rc7 R5b7 31. Rc6 Kf7 32. Rd3 Rd7 33. Rc5
Rxb4 34. f5 d4 35. fxe6+ Kxe6 36. Nc4 Be4 37. Rd1 Rb1 38. Rxb1 Bxb1 39. Kf2 Be4
40. Nd2 f5 41. g4 g6 42. gxf5+ gxf5 43. Nf3 Bxf3 44. Kxf3 d3 45. exd3 Rxd3+ 46.
Kf4 Rd4+ 47. Kf3 Rd3+ 1/2-1/2

[Event "1. Bundesliga 2013/2014"]
[Site "Jenbach, Wolfsberg, St. Veit/Glan"]
[Date "2014.03.23"]
[Round "11"]
[Board "1"]
[White "Shengelia, David"]
[Black "Baumegger, Siegfried"]
[Result "1-0"]
[WhiteElo "2547"]
[BlackElo "2476"]
[PlyCount "81"]
[EventDate "2013.12.06"]
[EventType "team"]
[EventRounds "11"]
[EventCountry "AUT"]
[WhiteTeam "SK Advisory Invest Baden"]
[BlackTeam "tschaturanga"]

1.d4 Nf6 2.c4 e6 3.Nf3 d5 4.Nc3 Nbd7 5.Bg5 Bb4 6.e3 c5 7.cxd5 exd5 8.Be2 Qa5 9.O-O
Bxc3 10.bxc3 c4 11.Qc2 Ne4 12.Rfc1 Nxg5 13.Nxg5 Nf6 14.a4 O-O 15.Rcb1 Qc7 16.a5 Bd7
17.Nf3 Bg4 18.h3 Bh5 19.Rb5 Rab8 20.Ne5 Bxe2 21.Qxe2 Ne4 22.Qb2 f6 23.Nf3 Qf7 24.Qa3
Rfe8 25.Rb2 Re7 26.Nd2 Nxd2 27.Rxd2 Rc8 28.Qd6 Rd7 29.Qf4 Re8 30.Rb2 g6 31.Rab1 Kg7
32.Rb5 Qe7 33.Rc5 Qe6 34.Rc7 Rxc7 35.Qxc7+ Re7 36.Qc5 Qe4 37.Rb2 f5 38.Qxa7 b5 39.axb6
f4 40.b7 fxe3 41.b8=Q 1-0

[Event "1. Bundesliga 2013/2014"]
[Site "Jenbach, Wolfsberg, St. Veit/Glan"]
[Date "2014.03.23"]
[Round "11"]
[Board "2"]
[White "Srienz, Christian"]
[Black "Poetsch, Hagen"]
[Result "1/2-1/2"]
[WhiteElo "2280"]
[BlackElo "2479"]
[PlyCount "117"]
[EventDate "2013.12.06"]
[EventType "team"]
[EventRounds "11"]
[EventCountry "AUT"]
[WhiteTeam "tschaturanga"]
[BlackTeam "SK Advisory Invest Baden"]

1.c4 b6 2.Nc3 Bb7 3.d4 e6 4.a3 f5 5.Nh3 Nf6 6.f3 Bd6 7.Bf4 O-O 8.e3 Qe7 9.Bxd6 cxd6
10.Bd3 d5 11.O-O dxc4 12.Bxc4 Nc6 13.Qd3 Kh8 14.Rfe1 Rac8 15.Ba2 Nb8 16.Nf2 Ba6 17.Qd2
Qd6 18.Rad1 Nc6 19.d5 exd5 20.Nxd5 Nxd5 21.Qxd5 Qf6 22.b4 Qb2 23.Qb3 Qxb3 24.Bxb3
Nb8 25.Rc1 g6 26.e4 Kg7 27.exf5 gxf5 28.Nh3 Rfe8 29.Kf2 Nc6 30.Nf4 Nd4 31.Rxc8 Rxc8
32.Ba4 Kf7 33.Bxd7 Rc2+ 34.Kg3 Rd2 35.Be8+ Kf8 36.Bh5 Bb5 37.Kh4 h6 38.Kg3 a5 39.bxa5
bxa5 40.Re5 a4 41.Ne6+ Nxe6 42.Rxf5+ Ke7 43.Rxb5 Nd4 44.Ra5 Ne2+ 45.Kg4 Nc3 46.Kh3
Ra2 47.Ra6 Rxa3 48.Rxh6 Nd5 49.Ra6 Nf4+ 50.Kg4 Nxg2 51.Ra7+ Kf6 52.Be8 Ne3+ 53.Kh3
Nf5 54.Ra6+ Kg5 55.Bc6 Nd4 56.Rxa4 Rxa4 57.Bxa4 Nxf3 58.Kg3 Nxh2 59.Kxh2 1/2-1/2

[Event "1. Bundesliga 2013/2014"]
[Site "Jenbach, Wolfsberg, St. Veit/Glan"]
[Date "2014.03.23"]
[Round "11"]
[Board "3"]
[White "Tuncer, Ufuk"]
[Black "Sadilek, Peter"]
[Result "0-1"]
[WhiteElo "2345"]
[BlackElo "2240"]
[PlyCount "112"]
[EventDate "2013.12.06"]
[EventType "team"]
[EventRounds "11"]
[EventCountry "AUT"]
[WhiteTeam "SK Advisory Invest Baden"]
[BlackTeam "tschaturanga"]

1.e4 e6 2.d4 d5 3.Nc3 Nc6 4.Nf3 Nf6 5.e5 Ne4 6.Bd3 Bb4 7.O-O Nxc3 8.bxc3 Bxc3 9.Rb1
h6 10.Rb3 Bxd4 11.Nxd4 Nxd4 12.Qg4 Nxb3 13.Qxg7 Nxc1 14.Qxh8+ Kd7 15.Qxd8+ Kxd8 16.Rxc1
c5 17.c3 Bd7 18.f4 b5 19.Kf2 a5 20.a3 Rb8 21.Rb1 Bc6 22.Ke3 Kc7 23.g4 d4+ 24.cxd4
c4 25.Be2 c3 26.h4 b4 27.axb4 axb4 28.Bd1 Bd5 29.Kd3 Ba2 30.Ra1 b3 31.Bxb3 Bxb3 32.Kxc3
Bd5 33.f5 Rb3+ 34.Kd2 Rg3 35.Ra7+ Bb7 36.d5 exd5 37.Ra4 Bc6 38.Ra7+ Bb7 39.Ra4 Kc6
40.Ke2 Bc8 41.Kf2 Rh3 42.h5 Rc3 43.Ra8 Kb7 44.Ra5 Rc4 45.Kg3 Rd4 46.Rb5+ Kc6 47.Rb8
Kc7 48.Ra8 Re4 49.Ra7+ Bb7 50.e6 f6 51.Kf3 Re5 52.Kg3 d4 53.Ra4 Re3+ 54.Kh4 Bg2 55.g5
hxg5+ 56.Kg4 Bh3# 0-1